| Tag |
First Indicator |
Second Indicator |
Subfields |
| LEADER |
00000cam a2200000Ii 4500 |
| 001 |
in00003858813 |
| 005 |
20170314163115.0 |
| 008 |
170208s2017 enkab b 000 0 eng d |
| 035 |
|
|
|a (OCoLC)ocn971033158
|
| 040 |
|
|
|a YDX
|b eng
|e rda
|c YDX
|d TXA
|
| 019 |
|
|
|a 971081107
|a 971223989
|a 971360827
|
| 020 |
|
|
|a 1407315285
|
| 020 |
|
|
|a 9781407315287
|
| 035 |
|
|
|a (OCoLC)971033158
|z (OCoLC)971081107
|z (OCoLC)971223989
|z (OCoLC)971360827
|
| 050 |
|
4 |
|a DS156.C5
|b S43 2017
|
| 049 |
|
|
|a TXAM
|
| 100 |
1 |
|
|a Scarborough, Yasemin Er,
|e author.
|
| 245 |
1 |
4 |
|a The funerary monuments of Rough Cilicia and Isauria /
|c Yasemin Er Scarborough.
|
| 264 |
|
1 |
|a Oxford :
|b BAR Publishing,
|c 2017.
|
| 300 |
|
|
|a xvi, 292 pages :
|b illustrations, map ;
|c 30 cm.
|
| 336 |
|
|
|a text
|b txt
|2 rdacontent
|
| 337 |
|
|
|a unmediated
|b n
|2 rdamedia
|
| 338 |
|
|
|a volume
|b nc
|2 rdacarrier
|
| 490 |
1 |
|
|a BAR international series ;
|v 2846
|
| 504 |
|
|
|a Includes bibliographical references.
|
| 650 |
|
0 |
|a Sepulchral monuments
|z Turkey
|z Cilicia.
|
| 650 |
|
0 |
|a Sepulchral monuments
|z Turkey
|z Isauria.
|
| 651 |
|
0 |
|a Turkey
|x Antiquities.
|
| 830 |
|
0 |
|a BAR international series ;
|v 2846.
|
| 994 |
|
|
|a C0
|b TXA
|
| 948 |
|
|
|a cataloged
|b h
|c 2017/3/14
|d c
|e nbehmer
|f 4:31:09 pm
|
| 999 |
f |
f |
|s 26fb6645-d285-3204-a5e7-00cbf55da816
|i 2d6ad5b2-21a6-3753-83ed-5c90b26f94de
|t 0
|
| 952 |
f |
f |
|p normal
|a Texas A&M University
|b College Station
|c Sterling C. Evans Library
|d Evans: Library Stacks
|t 0
|e DS156.C5 S43 2017
|h Library of Congress classification
|i unmediated -- volume
|m A14843699282
|
| 998 |
f |
f |
|a DS156.C5 S43 2017
|t 0
|l Evans: Library Stacks
|